00365nam a2200145Ia 4500008004100000020001800041041000800059082001700067100002500084245005100109250000600160260003000166300001400196650000900210210716s2007 xx 000 0 und d a9781597491396 aeng a005.263 PILA aPiltzecker, Anthony. aMicrosoft vista for it security professionals. a1 aNew DelhibElsevierc2007 axxvii,625 aNone